LEADER 00631nam a2200193 i 4500 001 000000242807 003 CaOOAMICUS 005 20150616000000.0 008 150616s1843 it u000 u ita u 013 $a221712 040 $aSeMil$bita 245 10$aTomo 5. 300 $a220 p. 773 0 $tTutte le opere del padre Agostino da Fusignano predicatore cappuccino.$dVenezia : G. Antonelli, 1843-1844.$g5$w()32050 850 $aSeMil 852 $aSeMil$W1$xVenegono$y1$m3F IV 53 FA$j193153$B193153$CSeMilBibl$Z2$F203942 $8I 941 1 $a10 961 $aRecupero: Mantegazza 996 $6245$aTomo 5$9(OLS)http://semarc/title/76883 LEADER 01028nam a2200265 i 4500 001 000000073684 003 CaOOAMICUS 005 20251112100809.0 008 000613s2000 it u000 u ita u 020 $a88-8065-189-7 040 $aSeMil$bita 245 10$aLazzati e Giovanni Paolo 2. 260 $aRoma :$bAVE,$ccopyr. 2000. 300 $a113 p., [1] p. di tav. ;$c24 cm. 490 0 $aDossier Lazzati ;$v18 600 04$aGiovanni Paolo II .$0(OLS)http://semarc/subject/5525 650 4$aLazzati, Giuseppe <1909-1986>.$0(OLS)http://semarc/subject/9 830 0$aDossier Lazzati ;$v18.$0(OLS)http://semarc/title/243 850 $aSeMil 852 $aSeMil$W1$xVenegono$y1$m3J IV 253$j39836$B39836$CSeMilBibl$Z2$F39840 $81 961 $aOmaggio: Donazione 996 $6020$a88-8065-189-7$9(OLS)http://semarc/number/53239 996 $6245$aLazzati e Giovanni Paolo 2$9(OLS)http://semarc/title/118971 996 $6260$aRoma :$bAVE$9(OLS)http://semarc/publisher/30251